[Event "19. Obert Int. Sant Marti 2017 - B"]
[Site "Barcelona ESP"]
[Date "2017.07.18"]
[Round "6.67"]
[White "Marzo Ruiz, Xavier"]
[Black "Codina Blasco, Joan"]
[Result "0-1"]
[WhiteElo "1439"]
[BlackElo "1722"]
[PlyCount "48"]
[EventDate "2017.07.13"]
[EventType "swiss"]
[EventRounds "9"]
[EventCountry "ESP"]
[SourceTitle "Ajedrez en Madrid"]
[Source "lmi"]
[SourceDate "2017.07.13"]
[SourceVersion "1"]
[SourceVersionDate "2019.06.21"]
[SourceQuality "1"]

1. d4 Nf6 2. Nf3 g6 3. Bf4 d6 4. e3 Bg7 5. h3 O-O 6. Be2 c5 7. O-O cxd4 8. exd4
Qb6 9. Nc3 Bf5 10. Na4 Qc7 11. c3 a6 12. c4 Ne4 13. Rc1 Bd7 14. b4 Bxa4 15.
Qxa4 Nd7 16. c5 e5 17. cxd6 Qxd6 18. dxe5 Nxe5 19. Nxe5 Bxe5 20. Rfd1 Qf6 21.
g3 Bxf4 22. gxf4 Nc3 23. Rxc3 Qxc3 24. Rd3 Qe1+ 0-1

[Event "19. Obert Int. Sant Marti 2017 - B"]
[Site "Barcelona ESP"]
[Date "2017.07.18"]
[Round "6.68"]
[White "Catala Ulied, Guillem"]
[Black "Jimenez Rimblas, Raul"]
[Result "1-0"]
[WhiteElo "1693"]
[BlackElo "1437"]
[PlyCount "47"]
[EventDate "2017.07.13"]
[EventType "swiss"]
[EventRounds "9"]
[EventCountry "ESP"]
[SourceTitle "Ajedrez en Madrid"]
[Source "lmi"]
[SourceDate "2017.07.13"]
[SourceVersion "1"]
[SourceVersionDate "2019.06.21"]
[SourceQuality "1"]

1. e4 g6 2. d4 Bg7 3. Nc3 d6 4. Be3 Nf6 5. f3 Nbd7 6. Qd2 O-O 7. O-O-O b6 8.
Bh6 Bxh6 9. Qxh6 c5 10. e5 Ne8 11. Nh3 f6 12. Bc4+ Rf7 13. e6 Ng7 14. exf7+ Kh8
15. Nf4 Nf8 16. g4 Be6 17. Bxe6 Ngxe6 18. dxc5 bxc5 19. h4 Rb8 20. h5 g5 21.
Ng6+ Nxg6 22. hxg6 Qg8 23. Qxh7+ Qxh7 24. Rxh7# 1-0

[Event "19. Obert Int. Sant Marti 2017 - B"]
[Site "Barcelona ESP"]
[Date "2017.07.18"]
[Round "6.69"]
[White "Arias Aranda, Guillem"]
[Black "Ylla Soro, Rafael"]
[Result "1-0"]
[WhiteElo "1438"]
[BlackElo "1612"]
[PlyCount "68"]
[EventDate "2017.07.13"]
[EventType "swiss"]
[EventRounds "9"]
[EventCountry "ESP"]
[SourceTitle "Ajedrez en Madrid"]
[Source "lmi"]
[SourceDate "2017.07.13"]
[SourceVersion "1"]
[SourceVersionDate "2019.06.21"]
[SourceQuality "1"]

1. Nf3 c5 2. e4 a6 3. d4 cxd4 4. Nxd4 e6 5. Nc3 Qc7 6. Bd3 Bb4 7. Bd2 Nf6 8.
O-O O-O 9. Ncb5 axb5 10. Bxb4 Rd8 11. Nxb5 Qb6 12. Be7 Re8 13. Bxf6 gxf6 14.
Qf3 Kg7 15. Qg3+ Kh8 16. Qc7 Qa5 17. Qxa5 Rxa5 18. Nd6 Rf8 19. Rfd1 Nc6 20. Be2
Rg5 21. Nxc8 Rxc8 22. Rxd7 Rcg8 23. g3 Ne5 24. Rxb7 Ng6 25. Rb5 e5 26. Kh1 h5
27. Rd1 h4 28. Rbd5 Kh7 29. Rd7 Rg7 30. Rc7 hxg3 31. fxg3 f5 32. exf5 Rxf5 33.
Bd3 Rg5 34. Rf1 Kh6 1-0

[Event "19. Obert Int. Sant Marti 2017 - B"]
[Site "Barcelona ESP"]
[Date "2017.07.18"]
[Round "6.72"]
[White "Sanchez Rodriguez, Raul"]
[Black "Rodriguez Monago, Juan Antonio"]
[Result "1/2-1/2"]
[WhiteElo "1228"]
[BlackElo "1468"]
[PlyCount "63"]
[EventDate "2017.07.13"]
[EventType "swiss"]
[EventRounds "9"]
[EventCountry "ESP"]
[SourceTitle "Ajedrez en Madrid"]
[Source "lmi"]
[SourceDate "2017.07.13"]
[SourceVersion "1"]
[SourceVersionDate "2019.06.21"]
[SourceQuality "1"]

1. e4 c6 2. Nc3 d5 3. exd5 cxd5 4. Nf3 Nc6 5. d4 Bg4 6. Bb5 e6 7. h3 Bh5 8. g4
Bg6 9. Ne5 Qc7 10. Nxg6 hxg6 11. Qe2 Be7 12. Qe5 Qxe5+ 13. dxe5 Rc8 14. Be3 a6
15. Bxc6+ Rxc6 16. O-O-O Bb4 17. Rd3 Ne7 18. a3 Bxc3 19. Rxc3 Rxc3 20. bxc3 Kd7
21. Kb2 Nc6 22. f4 Na5 23. Bd4 Kc6 24. a4 Kd7 25. Ka3 Nc4+ 26. Kb4 Kc6 27. f5
gxf5 28. gxf5 Rh7 29. fxe6 fxe6 30. Rg1 Rxh3 31. Rxg7 Rh1 32. Kb3 1/2-1/2

[Event "19. Obert Int. Sant Marti 2017 - B"]
[Site "Barcelona ESP"]
[Date "2017.07.18"]
[Round "6.73"]
[White "Bienvenido Kleque, Jose"]
[Black "Bermejo Cuadra, Roberto"]
[Result "1/2-1/2"]
[WhiteElo "1468"]
[BlackElo "1312"]
[PlyCount "53"]
[EventDate "2017.07.13"]
[EventType "swiss"]
[EventRounds "9"]
[EventCountry "ESP"]
[SourceTitle "Ajedrez en Madrid"]
[Source "lmi"]
[SourceDate "2017.07.13"]
[SourceVersion "1"]
[SourceVersionDate "2019.06.21"]
[SourceQuality "1"]

1. c4 e5 2. Nc3 Nc6 3. g3 d6 4. Bg2 f5 5. d3 Nf6 6. e3 a6 7. Nge2 Be7 8. O-O
Be6 9. f4 exf4 10. exf4 Bf7 11. Re1 O-O 12. b3 Bh5 13. Qd2 Bxe2 14. Qxe2 Re8
15. Qd2 Bf8 16. Bb2 Rxe1+ 17. Rxe1 Qd7 18. Nd5 Re8 19. Rxe8 Nxe8 20. Qe3 Nd8
21. Nc3 Qe7 22. Qxe7 Bxe7 23. Nd5 Bf6 24. Nxf6+ Nxf6 25. Bxf6 gxf6 26. Bh3 Nc6
27. Bxf5 1/2-1/2

[Event "19. Obert Int. Sant Marti 2017 - B"]
[Site "Barcelona ESP"]
[Date "2017.07.18"]
[Round "6.75"]
[White "Hernandez Mediavilla, Juan Jose"]
[Black "Torres Martinez, Jordi"]
[Result "0-1"]
[WhiteElo "1312"]
[BlackElo "1634"]
[PlyCount "98"]
[EventDate "2017.07.13"]
[EventType "swiss"]
[EventRounds "9"]
[EventCountry "ESP"]
[SourceTitle "Ajedrez en Madrid"]
[Source "lmi"]
[SourceDate "2017.07.13"]
[SourceVersion "1"]
[SourceVersionDate "2019.06.21"]
[SourceQuality "1"]

1. d4 Nf6 2. c3 e6 3. Nf3 c5 4. e3 Nc6 5. Be2 cxd4 6. exd4 Be7 7. O-O b6 8. Bf4
Nh5 9. Be3 h6 10. Ne5 Nf6 11. Ng4 Bb7 12. Nxf6+ Bxf6 13. Bf4 d5 14. Nd2 O-O 15.
Nf3 Re8 16. Ne5 Nxe5 17. Bxe5 Bxe5 18. dxe5 Qg5 19. Qd4 Rf8 20. h4 Qe7 21. Qg4
Rad8 22. Rad1 Qc7 23. f4 Qc5+ 24. Rd4 Qa5 25. a3 Ba6 26. Bxa6 Qxa6 27. f5 exf5
28. Rxf5 Qb5 29. Rd2 Qc4 30. Rf4 Qc7 31. Re2 Rde8 32. Qf5 Re6 33. Rf1 Qc4 34.
Rd2 Qxh4 35. Rxd5 Qg3 36. Rf3 Qe1+ 37. Rf1 Qe3+ 38. Rf2 Qc1+ 39. Kh2 Qg5 40.
Qe4 f6 41. Rf5 Qc1 42. Rf2 Qg5 43. Qd4 Rxe5 44. Rd7 Qh5+ 45. Kg1 Re1+ 46. Rf1
Rxf1+ 47. Kxf1 Qf5+ 48. Kg1 Kh7 49. b4 Re8 0-1

[Event "19. Obert Int. Sant Marti 2017 - B"]
[Site "Barcelona ESP"]
[Date "2017.07.18"]
[Round "6.76"]
[White "Orts Gonzalez, Rafael"]
[Black "Bernat Mor, Juli"]
[Result "0-1"]
[WhiteElo "1026"]
[BlackElo "1274"]
[PlyCount "64"]
[EventDate "2017.07.13"]
[EventType "swiss"]
[EventRounds "9"]
[EventCountry "ESP"]
[SourceTitle "Ajedrez en Madrid"]
[Source "lmi"]
[SourceDate "2017.07.13"]
[SourceVersion "1"]
[SourceVersionDate "2019.06.21"]
[SourceQuality "1"]

1. d4 d5 2. c3 Nf6 3. Bf4 c5 4. e3 Nc6 5. Bb5 cxd4 6. cxd4 e6 7. a3 Qa5+ 8. Nc3
Qd8 9. Bxc6+ bxc6 10. Qc2 Be7 11. Nge2 O-O 12. Rd1 a5 13. Na4 Nh5 14. O-O Nxf4
15. exf4 Qc7 16. Nc5 a4 17. Rd3 Bxc5 18. dxc5 Ba6 19. Rh3 g6 20. Rf3 d4 21. Qd2
Rfd8 22. Rc1 Qd7 23. Ng3 Qd5 24. Ne4 Qxe4 25. Re1 Qd5 26. Re5 Qc4 27. Re1 Qxc5
28. g4 d3 29. Rc1 Qd5 30. Rg3 c5 31. h4 Bb7 32. h5 Qh1# 0-1

[Event "19. Obert Int. Sant Marti 2017 - B"]
[Site "Barcelona ESP"]
[Date "2017.07.18"]
[Round "6.77"]
[White "Alabart Paytubi, Josep"]
[Black "Pinyol I Llora, Julia"]
[Result "1/2-1/2"]
[WhiteElo "1347"]
[BlackElo "1130"]
[PlyCount "79"]
[EventDate "2017.07.13"]
[EventType "swiss"]
[EventRounds "9"]
[EventCountry "ESP"]
[SourceTitle "Ajedrez en Madrid"]
[Source "lmi"]
[SourceDate "2017.07.13"]
[SourceVersion "1"]
[SourceVersionDate "2019.06.21"]
[SourceQuality "1"]

1. Nf3 b6 2. b3 Bb7 3. Bb2 d6 4. c4 e5 5. d3 g6 6. e4 Bg7 7. g3 Nf6 8. Bg2 O-O
9. O-O Nc6 10. a3 a5 11. Re1 Qd7 12. Nbd2 Rad8 13. Nf1 Rfe8 14. Ne3 Ra8 15. Nd5
Nxd5 16. cxd5 Nd4 17. Ng5 Qe7 18. Nh3 Rad8 19. Bc1 h6 20. Rb1 b5 21. Be3 c5 22.
Qc1 Rb8 23. Bxh6 Bc8 24. Bxg7 Bxh3 25. Qh6 f6 26. Qxg6 Qxg7 27. Qxg7+ Kxg7 28.
Bxh3 Nf3+ 29. Kg2 Nxe1+ 30. Rxe1 a4 31. bxa4 bxa4 32. Bd7 Red8 33. Bxa4 Ra8 34.
Bb5 Rxa3 35. Bc4 Rb8 36. h4 Rb4 37. Kh3 Kh6 38. Kg4 Rb2 39. Rf1 Rc3 40. f4
1/2-1/2

[Event "19. Obert Int. Sant Marti 2017 - B"]
[Site "Barcelona ESP"]
[Date "2017.07.19"]
[Round "7.1"]
[White "Delgadillo Torrico, Felipe"]
[Black "Samrat, Ghorai"]
[Result "1-0"]
[WhiteElo "1943"]
[BlackElo "1938"]
[PlyCount "113"]
[EventDate "2017.07.13"]
[EventType "swiss"]
[EventRounds "9"]
[EventCountry "ESP"]
[SourceTitle "Ajedrez en Madrid"]
[Source "lmi"]
[SourceDate "2017.07.13"]
[SourceVersion "1"]
[SourceVersionDate "2019.06.21"]
[SourceQuality "1"]

1. c4 e5 2. Nc3 Nc6 3. Nf3 g6 4. d3 Bg7 5. Bg5 f6 6. Bd2 Nge7 7. e4 d6 8. Be2
h6 9. Nd5 Be6 10. b4 f5 11. b5 Nb8 12. Rb1 Nd7 13. Bb4 O-O 14. Nd2 Nc8 15. h4
c6 16. bxc6 bxc6 17. Nc3 Ndb6 18. Bf3 f4 19. Bg4 Qd7 20. Bxe6+ Qxe6 21. f3 Rd8
22. Nb3 d5 23. c5 Nd7 24. Qc2 Ne7 25. Ba5 Rdb8 26. Bc7 Rb7 27. Ba5 Rab8 28. Ke2
dxe4 29. dxe4 Nf8 30. Rbd1 Nc8 31. Rd2 h5 32. Rhd1 Bf6 33. Bd8 Qf7 34. Qd3 Ne6
35. Bxf6 Qxf6 36. Qc4 Qf7 37. Qa6 Rxb3 38. axb3 Nxc5 39. Qxc6 Ne6 40. Rd8+ Nxd8
41. Rxd8+ Kg7 42. Rxc8 Rxc8 43. Qxc8 Qxb3 44. Qc7+ Kh6 45. Qxe5 Qc2+ 46. Ke1
Qc1+ 47. Nd1 Kh7 48. Qe7+ Kh6 49. Qxa7 Qc2 50. Qf2 Qc7 51. Qd2 Kh7 52. Nc3 Qa7
53. Ne2 Qa1+ 54. Qc1 Qa5+ 55. Kf1 Qd8 56. Qxf4 Qd1+ 57. Kf2 1-0

[Event "19. Obert Int. Sant Marti 2017 - B"]
[Site "Barcelona ESP"]
[Date "2017.07.19"]
[Round "7.2"]
[White "Majumdar, Shankar"]
[Black "Del Valle, Clemence"]
[Result "1-0"]
[WhiteElo "1934"]
[BlackElo "1759"]
[PlyCount "91"]
[EventDate "2017.07.13"]
[EventType "swiss"]
[EventRounds "9"]
[EventCountry "ESP"]
[SourceTitle "Ajedrez en Madrid"]
[Source "lmi"]
[SourceDate "2017.07.13"]
[SourceVersion "1"]
[SourceVersionDate "2019.06.21"]
[SourceQuality "1"]

1. d4 d5 2. Nf3 Nf6 3. c3 c5 4. Bf4 Qb6 5. Qb3 c4 6. Qxb6 axb6 7. Nbd2 Nc6 8.
e4 e6 9. exd5 exd5 10. a3 b5 11. Rc1 Be7 12. Be2 O-O 13. O-O Re8 14. Rfe1 h6
15. Ne5 Bd6 16. Bf3 Be6 17. Bg3 Rad8 18. h4 Bf5 19. Nf1 Be4 20. Ng4 Nxg4 21.
Bxg4 Bf8 22. Bc7 Ra8 23. Ng3 Bd3 24. Bd7 Re7 25. Rxe7 Bxe7 26. h5 Bg5 27. Re1
b4 28. axb4 Ra2 29. b5 Na5 30. Re8+ Kh7 31. Ra8 Ra1+ 32. Kh2 Nb3 33. Rxa1 Nxa1
34. Bc8 Bc1 35. Bxb7 Bxb2 36. Ba5 Nb3 37. Bb4 Nc1 38. Bxd5 Na2 39. Ba5 Bxc3 40.
Bxc3 Nxc3 41. b6 Nxd5 42. b7 c3 43. b8=Q c2 44. Qc8 Nb4 45. Qc3 Bg6 46. hxg6+
1-0

[Event "19. Obert Int. Sant Marti 2017 - B"]
[Site "Barcelona ESP"]
[Date "2017.07.19"]
[Round "7.4"]
[White "Sarrate Presas, Jordi"]
[Black "Rodriguez Isern, Bernat"]
[Result "0-1"]
[WhiteElo "1770"]
[BlackElo "1864"]
[PlyCount "166"]
[EventDate "2017.07.13"]
[EventType "swiss"]
[EventRounds "9"]
[EventCountry "ESP"]
[SourceTitle "Ajedrez en Madrid"]
[Source "lmi"]
[SourceDate "2017.07.13"]
[SourceVersion "1"]
[SourceVersionDate "2019.06.21"]
[SourceQuality "1"]

1. c4 e5 2. Nc3 Nf6 3. g3 Bb4 4. e3 O-O 5. Nge2 d6 6. Bg2 Nc6 7. O-O Be6 8. b3
Qd7 9. Re1 Bh3 10. Bh1 Rfe8 11. a3 Bxc3 12. Nxc3 Rab8 13. Ne2 e4 14. Nf4 Ne5
15. Nxh3 Qxh3 16. Bg2 Qf5 17. f3 exf3 18. Rf1 Qh5 19. Bxf3 Nxf3+ 20. Qxf3 Ng4
21. Qg2 Re6 22. h3 Ne5 23. g4 Qg6 24. d4 Nd7 25. Rf5 Rf6 26. e4 Re8 27. Bb2
Rxf5 28. exf5 Qg5 29. Qf2 Qe3 30. Qxe3 Rxe3 31. b4 Rb3 32. Ra2 Rxh3 33. Kg2 Re3
34. Kf2 Re4 35. Kf3 Re1 36. Ra1 Rxa1 37. Bxa1 Nb6 38. c5 dxc5 39. dxc5 Nc4 40.
a4 f6 41. Ke4 c6 42. Kd3 b5 43. cxb6 Nxb6 44. a5 Nd7 45. a6 Nb8 46. Bd4 Nxa6
47. Kc4 Kf7 48. Bxa7 g6 49. fxg6+ hxg6 50. b5 cxb5+ 51. Kxb5 Nc7+ 52. Kc4 Ke6
53. Kd3 Nb5 54. Bb8 Kd5 55. Ke3 Na3 56. Kf3 Nc4 57. Bh2 Nd2+ 58. Ke2 Ne4 59.
Kf3 Ng5+ 60. Ke3 Ne6 61. Kf3 Kd4 62. Bg1+ Kd3 63. Ba7 Ng5+ 64. Kf4 Nh3+ 65. Kf3
Ng5+ 66. Kf4 Ne6+ 67. Kf3 Nd4+ 68. Kf4 Ne2+ 69. Kf3 g5 70. Bb6 Nd4+ 71. Kf2 Ke4
72. Bd8 Ke5 73. Bc7+ Ke6 74. Ke3 Nc6 75. Ke4 Ne5 76. Bxe5 fxe5 77. Ke3 Kd5 78.
Kd3 e4+ 79. Ke2 Kd4 80. Kd2 e3+ 81. Ke1 Ke4 82. Ke2 Kf4 83. Kf1 Kxg4 0-1

[Event "19. Obert Int. Sant Marti 2017 - B"]
[Site "Barcelona ESP"]
[Date "2017.07.19"]
[Round "7.5"]
[White "Pena Mor, David"]
[Black "Aarav, Dengla"]
[Result "1-0"]
[WhiteElo "1764"]
[BlackElo "1177"]
[PlyCount "119"]
[EventDate "2017.07.13"]
[EventType "swiss"]
[EventRounds "9"]
[EventCountry "ESP"]
[SourceTitle "Ajedrez en Madrid"]
[Source "lmi"]
[SourceDate "2017.07.13"]
[SourceVersion "1"]
[SourceVersionDate "2019.06.21"]
[SourceQuality "1"]

1. e4 e5 2. Nf3 Nf6 3. Nxe5 d6 4. Nf3 Nxe4 5. d4 d5 6. Bd3 Be7 7. O-O Nc6 8.
Re1 Nf6 9. h3 O-O 10. c3 Re8 11. Bf4 h6 12. Nbd2 Be6 13. Qc2 Bd6 14. Bxd6 Qxd6
15. b4 a6 16. a4 Bd7 17. Nf1 Nh5 18. Bh7+ Kh8 19. Bf5 Nf4 20. Ng3 g6 21. Bxd7
Qxd7 22. Qd2 Qd6 23. b5 Na5 24. Ne5 Qf6 25. Rab1 Kg7 26. Re3 h5 27. Rf3 g5 28.
Nxh5+ Nxh5 29. Rxf6 Kxf6 30. Qd1 Rh8 31. Qf3+ Nf4 32. g3 Rxh3 33. Nd3 Rah8 34.
Nxf4 gxf4 35. Qxf4+ Kg6 36. Kg2 Rh2+ 37. Kf3 R8h5 38. g4 R5h3+ 39. Ke2 Rg2 40.
Qf5+ Kg7 41. Qxd5 Rhh2 42. Rf1 c6 43. Qg5+ Kh7 44. Qf6 cxb5 45. Qxf7+ Kh6 46.
Qf6+ Kh7 47. axb5 axb5 48. g5 Rh5 49. Qf7+ Kh8 50. Qxh5+ Kg7 51. Qh6+ Kf7 52.
Qf6+ Ke8 53. Rh1 Nc6 54. Rh8+ Kd7 55. Rh7+ Kc8 56. Qf8+ Nd8 57. Qe7 Kb8 58.
Qxd8+ Ka7 59. Qa5+ Kb8 60. Rh8# 1-0

[Event "19. Obert Int. Sant Marti 2017 - B"]
[Site "Barcelona ESP"]
[Date "2017.07.19"]
[Round "7.6"]
[White "Khudov, Oleksandr"]
[Black "Atul, Kumar"]
[Result "0-1"]
[WhiteElo "1823"]
[BlackElo "1907"]
[PlyCount "86"]
[EventDate "2017.07.13"]
[EventType "swiss"]
[EventRounds "9"]
[EventCountry "ESP"]
[SourceTitle "Ajedrez en Madrid"]
[Source "lmi"]
[SourceDate "2017.07.13"]
[SourceVersion "1"]
[SourceVersionDate "2019.06.21"]
[SourceQuality "1"]

1. c4 g6 2. Nc3 Bg7 3. Nf3 b6 4. g3 Bb7 5. Bg2 e5 6. d3 Ne7 7. O-O O-O 8. Rb1
c5 9. a3 Nbc6 10. b4 cxb4 11. axb4 Nd4 12. e3 Ne6 13. Bb2 d6 14. Qb3 Kh8 15.
Nd2 Bxg2 16. Kxg2 f5 17. Nd5 Qd7 18. Rfe1 g5 19. Ra1 Qb7 20. e4 f4 21. g4 f3+
22. Nxf3 Nc6 23. Qd1 Rf7 24. Nd2 Raf8 25. f3 Nf4+ 26. Nxf4 Rxf4 27. Qa4 Qc8 28.
Rf1 R8f7 29. h3 h5 30. Kg3 Nd4 31. Bxd4 exd4 32. Qb5 Be5 33. Kf2 hxg4 34. hxg4
Qxg4 35. Ke2 Qg2+ 36. Rf2 Qh3 37. Raf1 g4 38. fxg4 Rxf2+ 39. Rxf2 Qe3+ 40. Kd1
Qxf2 41. Qe8+ Kg7 42. c5 bxc5 43. bxc5 Bf4 0-1

[Event "19. Obert Int. Sant Marti 2017 - B"]
[Site "Barcelona ESP"]
[Date "2017.07.19"]
[Round "7.8"]
[White "Morais Carreras, Javier"]
[Black "Chandrasekhar, M K."]
[Result "1/2-1/2"]
[WhiteElo "1925"]
[BlackElo "1794"]
[PlyCount "115"]
[EventDate "2017.07.13"]
[EventType "swiss"]
[EventRounds "9"]
[EventCountry "ESP"]
[SourceTitle "Ajedrez en Madrid"]
[Source "lmi"]
[SourceDate "2017.07.13"]
[SourceVersion "1"]
[SourceVersionDate "2019.06.21"]
[SourceQuality "1"]

1. e4 d5 2. exd5 Qxd5 3. Nc3 Qd6 4. Nf3 Nf6 5. d4 c6 6. Be3 Bg4 7. h3 Bh5 8.
Qd2 Bxf3 9. gxf3 Nbd7 10. O-O-O Qb4 11. h4 e6 12. Bh3 Nb6 13. Ne4 Qxd2+ 14.
Rxd2 Nc4 15. Nxf6+ gxf6 16. Rdd1 h5 17. b3 Nxe3 18. fxe3 Ba3+ 19. Kb1 Ke7 20.
c3 Bd6 21. Rhg1 Rhg8 22. f4 Rg6 23. Rxg6 fxg6 24. Kc2 Kf7 25. c4 f5 26. Bg2 Be7
27. Rh1 Rd8 28. Kd3 Bf6 29. Ke2 Rd7 30. Kf2 Ke7 31. Kg3 Kf7 32. Rd1 Ke7 33. b4
Kd8 34. a4 Kc7 35. Bf3 Rd8 36. b5 Rd7 37. bxc6 bxc6 38. c5 Rd8 39. Rb1 Rc8 40.
a5 Kd7 41. a6 Rc7 42. Rb8 Bd8 43. Bg2 Ke7 44. Ra8 Kd7 45. Bf3 Ke7 46. Bh1 Kd7
47. Rb8 Ke7 48. Kf2 Kd7 49. Ke2 Rc8 50. Rxc8 Kxc8 51. Bxc6 Bxh4 52. Be8 g5 53.
Bxh5 gxf4 54. exf4 Kd7 55. Ke3 Bd8 56. Bf3 Bc7 57. c6+ Kd6 58. Bg2 1/2-1/2

[Event "19. Obert Int. Sant Marti 2017 - B"]
[Site "Barcelona ESP"]
[Date "2017.07.19"]
[Round "7.9"]
[White "Gimenez Canadas, Carlos"]
[Black "Hinarejos Montano, Andres"]
[Result "0-1"]
[WhiteElo "1764"]
[BlackElo "1607"]
[PlyCount "90"]
[EventDate "2017.07.13"]
[EventType "swiss"]
[EventRounds "9"]
[EventCountry "ESP"]
[SourceTitle "Ajedrez en Madrid"]
[Source "lmi"]
[SourceDate "2017.07.13"]
[SourceVersion "1"]
[SourceVersionDate "2019.06.21"]
[SourceQuality "1"]

1. e4 e5 2. Nf3 d6 3. d4 exd4 4. Nxd4 Be7 5. Nc3 Nf6 6. Qf3 O-O 7. Nf5 Bxf5 8.
Qxf5 Nc6 9. Be3 Qd7 10. Qf4 Qg4 11. f3 Qxf4 12. Bxf4 a6 13. O-O-O b5 14. g4 b4
15. Nd5 Nxd5 16. Rxd5 f6 17. Bc4 Kh8 18. h4 Ne5 19. Be2 a5 20. h5 c6 21. Rd4
Rad8 22. Bd2 d5 23. f4 Bc5 24. fxe5 Bxd4 25. exf6 Bxf6 26. exd5 Rxd5 27. Bd3 c5
28. Bf5 Bxb2+ 29. Kxb2 Rxd2 30. Re1 Rfd8 31. Re7 a4 32. Ra7 a3+ 33. Kb3 R2d6
34. Rc7 g6 35. hxg6 hxg6 36. Bd3 Rxd3+ 37. cxd3 Rxd3+ 38. Kc2 Rd5 39. Kb3 Rg5
40. Rc6 Kh7 41. Kc4 Rxg4+ 42. Kxc5 g5 43. Ra6 Rf4 44. Kd5 g4 45. Ke5 Rf2 0-1

[Event "19. Obert Int. Sant Marti 2017 - B"]
[Site "Barcelona ESP"]
[Date "2017.07.19"]
[Round "7.10"]
[White "Espinosa Cebrian, Carlos"]
[Black "Bieg Pagel, Clemens"]
[Result "1-0"]
[WhiteElo "1921"]
[BlackElo "1812"]
[PlyCount "93"]
[EventDate "2017.07.13"]
[EventType "swiss"]
[EventRounds "9"]
[EventCountry "ESP"]
[SourceTitle "Ajedrez en Madrid"]
[Source "lmi"]
[SourceDate "2017.07.13"]
[SourceVersion "1"]
[SourceVersionDate "2019.06.21"]
[SourceQuality "1"]

1. d4 c5 2. d5 e5 3. e4 Nf6 4. Nc3 d6 5. h3 Be7 6. Nf3 O-O 7. Bd3 a6 8. a4 Ne8
9. O-O g6 10. Bh6 Ng7 11. Qd2 f5 12. Nh2 f4 13. Be2 Nd7 14. Bg4 Nf6 15. Bf3 Rf7
16. Bg5 Nfh5 17. Bxe7 Qxe7 18. a5 Bd7 19. Na4 Raf8 20. Nb6 Be8 21. Ng4 Kh8 22.
b4 cxb4 23. Qxb4 Bd7 24. Nc4 Bb5 25. Rfb1 Ne8 26. Nb6 Nhf6 27. Ra3 h5 28. Nxf6
Nxf6 29. Rc3 Rd8 30. Rc8 Rff8 31. Rxd8 Rxd8 32. Rb3 g5 33. g4 hxg4 34. Bxg4 Qh7
35. Bf5 Qh5 36. c4 Be8 37. Qc3 Bg6 38. Bxg6 Qxg6 39. f3 Qh5 40. Rb2 Kg7 41. Rh2
Qh4 42. Qd2 Kg6 43. Qf2 Kh5 44. Rg2 Rh8 45. Qxh4+ Kxh4 46. Kh2 Nh5 47. Rg4# 1-0

[Event "19. Obert Int. Sant Marti 2017 - B"]
[Site "Barcelona ESP"]
[Date "2017.07.19"]
[Round "7.11"]
[White "Muhammad, Qasim"]
[Black "Gil Gil, Antoni"]
[Result "0-1"]
[WhiteElo "1899"]
[BlackElo "1823"]
[PlyCount "64"]
[EventDate "2017.07.13"]
[EventType "swiss"]
[EventRounds "9"]
[EventCountry "ESP"]
[SourceTitle "Ajedrez en Madrid"]
[Source "lmi"]
[SourceDate "2017.07.13"]
[SourceVersion "1"]
[SourceVersionDate "2019.06.21"]
[SourceQuality "1"]

1. e4 c5 2. Nf3 Nc6 3. d4 cxd4 4. Nxd4 g6 5. c4 Bg7 6. Nc2 Nf6 7. Nc3 O-O 8.
Be2 d6 9. O-O h6 10. Be3 Ne5 11. f3 Be6 12. Na3 Qa5 13. Qd2 Rfc8 14. Nd5 Qd8
15. Bxh6 Bxh6 16. Qxh6 Bxd5 17. exd5 Qb6+ 18. Rf2 Qxb2 19. Qc1 Qd4 20. Nc2 Qc5
21. Qe3 b5 22. f4 Nxc4 23. Qxe7 Nxd5 24. Qg5 Nc3 25. Bf3 Qxg5 26. fxg5 Rab8 27.
Nb4 Ne5 28. Bd1 a5 29. Nc2 Rc5 30. Nd4 Rd5 31. Rd2 a4 32. Bf3 Rxd4 0-1

[Event "19. Obert Int. Sant Marti 2017 - B"]
[Site "Barcelona ESP"]
[Date "2017.07.19"]
[Round "7.12"]
[White "Martinez Buendia, Andres"]
[Black "Bernat, Ernest"]
[Result "0-1"]
[WhiteElo "1804"]
[BlackElo "1889"]
[PlyCount "56"]
[EventDate "2017.07.13"]
[EventType "swiss"]
[EventRounds "9"]
[EventCountry "ESP"]
[SourceTitle "Ajedrez en Madrid"]
[Source "lmi"]
[SourceDate "2017.07.13"]
[SourceVersion "1"]
[SourceVersionDate "2019.06.21"]
[SourceQuality "1"]

1. e4 c5 2. Nf3 Nc6 3. d4 cxd4 4. Nxd4 Nf6 5. Nc3 e5 6. Ndb5 d6 7. Nd5 Nxd5 8.
exd5 Nb8 9. Qf3 a6 10. Qa3 Be7 11. Bg5 f6 12. Be3 O-O 13. O-O-O Bf5 14. Bd3
Bxd3 15. Rxd3 Nd7 16. Nc3 f5 17. Kb1 b5 18. f4 Qb8 19. Qb4 Rc8 20. b3 Qc7 21.
Rc1 e4 22. Nxe4 fxe4 23. Qxe4 Bf6 24. Qe6+ Kh8 25. Bd4 Nc5 26. Bxc5 Qxc5 27. c4
Qf2 28. Rc2 Qf1+ 0-1

[Event "19. Obert Int. Sant Marti 2017 - B"]
[Site "Barcelona ESP"]
[Date "2017.07.19"]
[Round "7.13"]
[White "Prieto Velasco, Rafael"]
[Black "Viera Falcon, Cristo"]
[Result "0-1"]
[WhiteElo "1772"]
[BlackElo "1889"]
[PlyCount "70"]
[EventDate "2017.07.13"]
[EventType "swiss"]
[EventRounds "9"]
[EventCountry "ESP"]
[SourceTitle "Ajedrez en Madrid"]
[Source "lmi"]
[SourceDate "2017.07.13"]
[SourceVersion "1"]
[SourceVersionDate "2019.06.21"]
[SourceQuality "1"]

1. d4 b6 2. e4 Bb7 3. Bd3 g6 4. Be3 Bg7 5. c3 Nf6 6. Nd2 d6 7. f3 Nbd7 8. Ne2
e5 9. O-O O-O 10. Rc1 Qe7 11. d5 Kh8 12. c4 Nh5 13. b4 f5 14. Nb3 fxe4 15. fxe4
Rxf1+ 16. Qxf1 Rf8 17. Qe1 Nf4 18. Qd2 Bh6 19. g3 Nh3+ 20. Kg2 Rf2+ 21. Kxh3
Nf6 22. Bxf2 Bc8+ 23. Kg2 Bxd2 24. Nxd2 Qd7 25. Ng1 Qa4 26. Ngf3 Qxb4 27. Be3
Qa3 28. Nb3 Qxa2+ 29. Nfd2 a5 30. Ra1 Qb2 31. Rb1 Qc3 32. Be2 Qxe3 33. Bf3 a4
34. Nf1 Qd3 35. Nbd2 Bg4 0-1

[Event "19. Obert Int. Sant Marti 2017 - B"]
[Site "Barcelona ESP"]
[Date "2017.07.19"]
[Round "7.14"]
[White "David, Dorian-Ciprian"]
[Black "Garcia Quevedo, Jose"]
[Result "0-1"]
[WhiteElo "1768"]
[BlackElo "1882"]
[PlyCount "58"]
[EventDate "2017.07.13"]
[EventType "swiss"]
[EventRounds "9"]
[EventCountry "ESP"]
[SourceTitle "Ajedrez en Madrid"]
[Source "lmi"]
[SourceDate "2017.07.13"]
[SourceVersion "1"]
[SourceVersionDate "2019.06.21"]
[SourceQuality "1"]

1. b4 d5 2. Bb2 Nf6 3. e3 Bf5 4. Nf3 e6 5. a3 Be7 6. c4 O-O 7. Nc3 c6 8. h3 h6
9. g4 Be4 10. d3 Bxf3 11. Qxf3 Nbd7 12. Qg2 dxc4 13. dxc4 Ne5 14. Rd1 Qc7 15.
f4 Ng6 16. h4 Rad8 17. h5 Nxf4 18. exf4 Qxf4 19. Be2 Rxd1+ 20. Kxd1 Rd8+ 21.
Kc2 Rd2+ 22. Kb1 Qxc4 23. Qf1 Qd4 24. Qf3 Nd5 25. Nd1 Rxb2+ 26. Nxb2 Bf6 27.
Nd1 Qa1+ 28. Kc2 Qa2+ 29. Kc1 Bg5+ 0-1